#1 hits of the 1970s (UK version) - Statistics

General Stats
  • This quiz has been taken 1,307 times
  • The average score is 87 of 168
Answer Stats
Year Song Artist % Correct
1974 Waterloo ABBA
96%
1976 Mamma Mia ABBA
96%
1976 Fernando ABBA
96%
1976 Dancing Queen ABBA
96%
1977 Knowing Me, Knowing You ABBA
96%
1977 The Name of the Game ABBA
96%
1978 Take a Chance on Me ABBA
96%
1975 Bohemian Rhapsody Queen
90%
1971 Reason to Believe/Maggie May Rod Stewart
89%
1972 You Wear It Well Rod Stewart
89%
1975 Sailing Rod Stewart
89%
1977 I Don't Want to Talk About It" / "The First Cut Is the Deepest Rod Stewart
89%
1978 Da Ya Think I'm Sexy? Rod Stewart
89%
1970 Bridge over Troubled Water Simon and Garfunkel
89%
1975 Space Oddity David Bowie
86%
1978 Night Fever Bee Gees
85%
1979 Tragedy Bee Gees
85%
1979 Heart of Glass Blondie
83%
1979 Sunday Girl Blondie
83%
1971 My Sweet Lord George Harrison
81%
1979 Another Brick in the Wall (Part 2) Pink Floyd
81%
1979 Y.M.C.A. Village People
80%
1976 Don't Go Breaking My Heart Elton John and Kiki Dee
78%
1979 Message in a Bottle The Police
76%
1979 Walking on the Moon The Police
76%
1979 I Will Survive Gloria Gaynor
75%
1978 You're the One That I Want John Travolta and Olivia Newton-John
75%
1978 Summer Nights John Travolta and Olivia Newton-John
75%
1971 Coz I Luv You Slade
73%
1972 Take Me Bak 'Ome Slade
73%
1972 Mama Weer All Crazee Now Slade
73%
1973 Cum On Feel the Noize Slade
73%
1973 Skweeze Me, Pleeze Me Slade
73%
1973 Merry Xmas Everybody Slade
73%
1973 Rubber Bullets 10cc
72%
1975 I'm Not in Love 10cc
72%
1978 Dreadlock Holiday 10cc
72%
1972 School's Out Alice Cooper
71%
1971 Hot Love T.Rex
69%
1971 Get It On T.Rex
69%
1972 Telegram Sam T.Rex
69%
1972 Metal Guru T.Rex
69%
1978 Wuthering Heights Kate Bush
68%
1974 Annie's Song John Denver
66%
1970 Voodoo Child The Jimi Hendrix Experience
66%
1977 Mull of Kintyre/Girls School Wings
65%
1970 In the Summertime Mungo Jerry
64%
1971 Baby Jump Mungo Jerry
64%
1978 Rat Trap The Boomtown Rats
64%
1979 I Don't Like Mondays The Boomtown Rats
64%
1978 Rivers of Babylon/Brown Girl in the RIng Boney M
63%
1978 Mary's Boy Child – Oh My Lord Boney M
63%
1970 The Tears of a Clown Smokey Robinson and the Miracles
63%
1972 Puppy Love Donny Osmond
62%
1973 The Twelfth of Never Donny Osmond
62%
1973 Young Love Donny Osmond
62%
1974 Tiger Feet Mud
62%
1974 Lonely This Christmas Mud
62%
1975 Oh, Boy Mud
62%
1970 The Wonder of You Elvis Presley
61%
1977 Way Down Elvis Presley
61%
1975 Stand by Your Man Tammy Wynette
60%
1979 Video Killed the Radio Star The Buggles
60%
1976 December, 1963 (Oh, What a Night) The Four Seasons
60%
1978 Three Times a Lady Commodores
59%
1974 You're the First, the Last, My Everything Barry White
57%
1973 Tie a Yellow Ribbon Round the Ole Oak Tree Dawn Featuring Tony Orlando
57%
1972 Vincent Don McLean
57%
1972 My Ding-a-Ling Chuck Berry
56%
1975 Bye, Bye, Baby Bay City Rollers
54%
1975 Give a Little Love Bay City Rollers
54%
1974 Kung Fu Fighting Carl Douglas
54%
1976 If You Leave Me Now Chicago
54%
1977 I Feel Love Donna Summer
54%
1973 I'm the Leader of the Gang (I Am) Gary Glitter
54%
1973 I Love You Love Me Love Gary Glitter
54%
1974 Always Yours Gary Glitter
54%
1970 Spirit in the Sky Norman Greenbaum
53%
1972 Long Haired Lover from Liverpool Little Jimmy Osmond
52%
1973 Blockbuster Sweet
52%
1971 Knock Three Times Dawn
51%
1979 Cars Gary Numan
51%
1971 Ernie (The Fastest Milkman in the West) Benny Hill
50%
1976 Save Your Kisses for Me Brotherhood of Man
50%
1977 Angelo Brotherhood of Man
50%
1978 Figaro Brotherhood of Man
50%
1975 I Only Have Eyes for You Art Garfunkel
49%
1979 Bright Eyes Art Garfunkel
49%
1977 Don't Give Up on Us David Soul
49%
1977 Silver Lady David Soul
49%
1974 Love Me for a Reason The Osmonds
49%
1979 We Don't Talk Anymore Cliff Richard
48%
1977 When I Need You Leo Sayer
48%
1975 Down Down Status Quo
48%
1973 Can the Can Suzi Quatro
48%
1974 Devil Gate Drive Suzi Quatro
48%
1970 Wand'rin' Star Lee Marvin
47%
1974 Seasons in the Sun Terry Jacks
47%
1974 Gonna Make You a Star David Essex
46%
1975 Hold Me Close David Essex
46%
1972 Clair Gilbert O'Sullivan
46%
1973 Get Down Gilbert O'Sullivan
46%
1979 Hit Me with Your Rhythm Stick Ian Dury and The Blockheads
46%
1972 Without You Nilsson
45%
1972 I'd Like to Teach the World to Sing (In Perfect Harmony) The New Seekers
44%
1974 You Won't Find Another Fool Like Me The New Seekers
44%
1979 Ring My Bell Anita Ward
42%
1971 Grandad Clive Dunn
42%
1970 All Kinds of Everything Dana
42%
1971 I'm Still Waiting Diana Ross
42%
1975 Make Me Smile (Come Up and See Me) Steve Harley & Cockney Rebel
42%
1976 The Combine Harvester (Brand New Key) The Wurzels
41%
1979 When You're in Love with a Beautiful Woman Dr. Hook
40%
1977 Lucille Kenny Rogers
40%
1973 See My Baby Jive Wizzard
40%
1973 Angel Fingers (A Teen Ballad) Wizzard
40%
1977 So You Win Again Hot Chocolate
39%
1976 When a Child Is Born (Soleado) Johnny Mathis
38%
1976 Under the Moon of Love Showaddywaddy
38%
1972 How Can I Be Sure David Cassidy
37%
1973 Daydreamer/The Puppy Song David Cassidy
37%
1970 Band of Gold Freda Payne
37%
1974 When Will I See You Again The Three Degrees
37%
1977 Yes Sir, I Can Boogie Baccara
36%
1970 Love Grows (Where My Rosemary Goes) Edison Lighthouse
36%
1975 January Pilot
35%
1974 Sugar Baby Love The Rubettes
35%
1971 Chirpy Chirpy Cheep Cheep Middle of the Road
34%
1974 Billy Don't Be a Hero Paper Lace
34%
1974 The Streak Ray Stevens
31%
1977 Chanson D'Amour The Manhattan Transfer
31%
1974 She Charles Aznavour
30%
1977 Don't Cry for Me Argentina Julie Covington
30%
1975 D.I.V.O.R.C.E. Billy Connolly
29%
1970 Back Home England World Cup Squad
29%
1975 If Telly Savalas
29%
1977 Float On The Floaters
29%
1979 Are "Friends" Electric? Tubeway Army
29%
1972 Mouldy Old Dough Lieutenant Pigeon
28%
1973 Welcome Home Peters and Lee
28%
1976 I Love to Love (But My Baby Loves to Dance) Tina Charles
28%
1970 Yellow River Christie
27%
1975 Whispering Grass Windsor Davies and Don Estelle
27%
1972 Son of My Father Chicory Tip
26%
1970 I Hear You Knocking Dave Edmunds
26%
1974 Rock Your Baby George McCrae
26%
1976 Mississippi Pussycat
26%
1976 You to Me Are Everything Real Thing
26%
1974 Jealous Mind Alvin Stardust
25%
1978 Uptown Top Ranking Althea and Donna
24%
1976 Forever and Ever Demis Roussos
23%
1973 Eye Level (Theme from the TV series Van Der Valk) Simon Park Orchestra
22%
1975 Barbados Typically Tropical
22%
1975 Can't Give You Anything (But My Love) The Stylistics
21%
1978 Matchstalk Men & Matchstalk Cats & Dogs (Lowry's Song) Brian and Michael
20%
1970 Woodstock Matthews Southern Comfort
19%
1979 One Day at a Time Lena Martell
18%
1976 Forever and Ever Slik
18%
1977 Show You the Way to Go The Jacksons
18%
1975 Tears on My Pillow Johnny Nash
17%
1974 Everything I Own Ken Boothe
17%
1977 Free Deniece Williams
15%
1972 Amazing Grace Royal Scots Dragoon Guards
15%
1974 Sad Sweet Dreamer Sweet Sensation
15%
1971 Hey Girl Don't Bother Me The Tams
15%
1975 Ms Grace The Tymes
15%
1971 Double Barrel Dave and Ansel Collins
11%
1976 No Charge J. J. Barrie
9%
No matching quizzes found
Score Distribution
Percent of People with Each Score
Percentile by Number Answered
Your Score History
You have not taken this quiz